ბათუმის შოთა რუსთაველის სახელმწიფო უნივერსიტეტის ბიბლიოთეკა

ქუთაისის ლადო მესხიშვილის სახელობის პროფესიული სახელმწიფო დრამატული თეატრი : (ბიბ.ჩანაწერი № 58382)

000 -ლიდერი
ფიქსირებული სიგრძის საკონტროლო ველი 01278nam a22002297a 4500
003 - საკონტროლო ნომრის იდენტიფიკატორი
საკონტროლო ველი Ge_BSU
005 - ბოლო ოპერაციის თარიღი და დრო
საკონტროლო ველი 20211224114042.0
008 - ფიქსირებული სიგრძის მონაცემთა ელემენტები - ზოგადი ინფორმაცია
ფიქსირებული სიგრძის საკონტროლო ველი 211224s2020 ge ||||| |||| 00| 0 geo d
020 ## - წიგნის საერთაშორისო სტანდარტული ნომერი
International Standard Book Number 9789941484797
041 ## - ენის კოდი
Language code of text/sound track or separate title geo
080 ## - უნივერსალური ათობითი კლასიფიკაციის ინდექსი
Universal Decimal Classification number 027.5(479.22)+016:792(479.22) ქ-84
245 ## - ცნობა სათაურის შესახებ
Title ქუთაისის ლადო მესხიშვილის სახელობის პროფესიული სახელმწიფო დრამატული თეატრი :
Remainder of title ანალიტიკური ბიბლიოგრაფია : 1974-2018 /
Statement of responsibility, etc რედ. რიტა წაქაძე; დიზაინი გელა ღაჭავა.
264 ## - წარმოების, გამოცემის, დისტრიბუციის და სხვა ცნობები
გამოცემის, წარმოების, დისტრიბუციის... ადგილი ქუთაისი,
გამოცემის, წარმოების, დისტრიბუციის... თარიღი 2020.
300 ## - ფიზიკური აღწერა
Extent 182 გვ.
Other physical details 20 სმ.
500 ## - ზოგადი შენიშვნა
General note სახელთა საძიებელი გვ. 145-179
653 ## - INDEX TERM--UNCONTROLLED
Uncontrolled term ბიბლიოგრაფია
653 ## - INDEX TERM--UNCONTROLLED
Uncontrolled term დრამატული თეატრი
700 ## - ADDED ENTRY--PERSONAL NAME
Personal name წაქაძე, რიტა
Relator term რედაქტორი
9 (RLIN) 13355
700 ## - ADDED ENTRY--PERSONAL NAME
Personal name ქუთაისის ილია ჭავჭავაძის სახელობის საჯარო ბიბლიოთეკა
9 (RLIN) 13356
773 ## - HOST ITEM ENTRY
Title ნაჩუქარი
942 ## - ADDED ENTRY ELEMENTS (KOHA)
Source of classification or shelving scheme
Koha item type წიგნი
ეგზემპლარები
ჩამოწერის სტატუსი დაკარგული ეგზემპლარის სტატუსი კლასიფიკაციის წყარო ან თაროზე გაწყობის სქემა დაზიანების სტატუსი არ გაიცემა მუდმივი მდებარეობა (დაცვის ადგილი) ამჟამინდელი ადგილსამყოფელი თაროზე განთავსების ადგილი შეძენის თარიღი ღირებულება, შესყიდვის ნორმალური ფასი სრული შენახვის შიფრი შტრიხკოდი ბოლო ოპერაციის თარიღი ეგზემპლარის მიმდევრობითი ნომერი (კეტერი?) ფასის ძალაში შესვლის თარიღი ეგზემპლარის სახეობა საჯარო შენიშვნა
          ბათუმის შოთა რუსთაველის სახელმწიფო უნივერსიტეტის მთავარი ბიბლიოთეკა ბათუმის შოთა რუსთაველის სახელმწიფო უნივერსიტეტის მთავარი ბიბლიოთეკა წიგნსაცავი 2021-12-24 7.00 027.5(479.22)+016:792(479.22) ქ-84 62096 2021-12-24 62096 2021-12-24 წიგნი 7 ლ.